| 000 | 00751nam 22002173 4500 | ||
|---|---|---|---|
| 001 | 201026 | ||
| 090 | _a201026 | ||
| 100 | _a20260306d u||y0pory50 ba | ||
| 101 | _apor | ||
| 200 |
_aA Bela e o Monstro _fMadame le Prince de Beaumont _gIlustração de Marcel Marlier ; Tradução de Maria Isabel de Mendonça Soares |
||
| 210 |
_aLisboa _cEditorial Verbo _d[S.I.] |
||
| 215 |
_a30, [2] p. : il. _cEncadernado _d31 cm |
||
| 225 |
_aVerbo Infantil _eSérie Gigante _v18 |
||
| 300 | _aInfantil | ||
| 606 |
_9235 _aLiteratura infantil |
||
| 675 |
_a087.5/BEA/BEL _vPT _zpor |
||
| 700 |
_916698 _aBeaumont _bMadame le Prince |
||
| 701 |
_91458 _aMarlier _bMarcel _f1930-2011 |
||
| 801 |
_aPT _bBMMN _gRPC |
||
| 830 |
_cCarlos Pinto _d06-03-2026 _fCarlos Pinto |
||
| 990 | _cLIVROS | ||